¿quiere ud.aprender quichua? metodo practico para la enseñanza y el aprendizaje del idioma /

Guardado en:
Autor Principal: Bravo, Domingo A.
Formato: Libro
Publicado: Buenos Aires : Instituto Amigos Del Libro Argentino, 1970
Materias:
Etiquetas: Agregar Etiqueta
Sin Etiquetas, Sea el primero en etiquetar este registro!
LEADER 00559nam a22001575a 4500
001 EHU.bham006404
003 AR-BHAM
005 20090616161211.0
008 130507s1970##################000#0#####d
082 4 9 |a 498 
100 1 |a Bravo, Domingo A. 
245 1 0 |a ¿quiere ud.aprender quichua? metodo practico para la enseñanza y el aprendizaje del idioma /  |c Domingo A. Bravo. 
260 |a Buenos Aires :  |b Instituto Amigos Del Libro Argentino,  |c 1970 
300 |a 99 p. 
653 |a Lenguas de america del sur 
859 |a AR-BHAM  |b BIB. HUMANIDADES - General  |h 498  |i B739-1  |p 351.70  |t Ej.1